Young people learn english, book 5 /

Guardado en:
Autor Principal: Paya, Manuela Elvira
Formato: Libro
Publicado: Buenos Aires : Troquel, 1967
Materias:
Etiquetas: Agregar Etiqueta
Sin Etiquetas, Sea el primero en etiquetar este registro!
LEADER 00510nam a22001695a 4500
001 CEM.cems004950
005 20060217000000.0
008 130507s1967##################000#0#####d
003 CEMS
082 0 4 |a 428.64 
100 1 |a Paya, Manuela Elvira 
245 1 0 |a Young people learn english, book 5 / 
260 |a Buenos Aires :  |b Troquel,  |c 1967 
300 |a 149 p. 
653 |a Ingles 
859 |a CEMS  |b BIB. CEMS - 11 de abril  |h 428.64  |i P29/V  |p 3294.74  |t Ej.1 
859 |a CEMS  |b BIB. CEMS - 11 de abril  |h 428.64  |i P29/V  |p 3295.74  |t Ej.2